000 00874nam a22002658i 4500
001 019865528
003 EG-ScBUE
005 20211216140626.0
008 200603s2020 enka f 000 0 eng d
020 _a9780241438114 (hbk.)
040 _aStDuBDS
_beng
_erda
_cStDuBDS
_dEG-ScBUE
082 0 4 _a747
_bRAM
_222
100 1 _aRamstedt, Frida,
_eauthor.
245 1 4 _aThe interior design handbook /
_cFrida Ramsted ; illustrated by Mia Olofsson ; translated by Peter Graves.
264 1 _aLondon :
_bParticular Books,
_c2020.
300 _a234 pages :
_billustration ;
_c24 cm
336 _atext
_2rdacontent
_btxt
337 _aunmediated
_2rdamedia
_bn
338 _avolume
_2rdacarrier
_bnc
650 7 _aInterior decoration.
_2BUEsh
_941532
653 _bART
_cDecember2021
655 _vReading book
_934232
776 0 8 _iebook version :
_z9780141992433
942 _2ddc
_cBB
999 _c29716
_d29687